| 000 | 00623cam a2200217 4500500 | ||
|---|---|---|---|
| 005 | 20260329004830.0 | ||
| 041 | _afre | ||
| 042 | _adc | ||
| 100 | 1 | 0 |
_aNathan, Tobie _eauthor |
| 245 | 0 | 0 | _aTapis de yoga. Un p’tit coin de paradis |
| 260 | _c2021. | ||
| 500 | _a92 | ||
| 690 | _aCorps | ||
| 690 | _améditation | ||
| 690 | _aMystique | ||
| 690 | _aSpiritualité | ||
| 690 | _aTobie Nathan | ||
| 690 | _aYoga | ||
| 786 | 0 | _nPhilosophie magazine | 150 | 6 | 2021-06-01 | p. 23-24 | 1951-1787 | |
| 856 | 4 | 1 | _uhttps://shs.cairn.info/magazine-philosophie-magazine-2021-6-page-23?lang=fr&redirect-ssocas=7080 |
| 999 |
_c1837753 _d1837753 |
||